000 01123nam a2200265 i 4500
001 000033402
003 DO-SdBNP
005 20240712132344.0
007 ta
008 091001s1994 dr a r 000 0 spa d
020 _a844997738X
040 _aDO-SdBNP
_bspa
_cDO-SdBNP
_erda
082 4 _aRD861.44
_bB171g
_222
245 1 0 _aGalería heróica /
_cJoaquín Balaguer.
264 _aSanto Domingo :
_bCorripio,
_c1994.
300 _a227 páginas :
_bilustraciones ;
_c29 cm.
336 _2rdacontent
_atexto
_btxt
337 _2rdamedia
_asin mediación
_bn
338 _2rdacarrier
_avolumen
_bnc
505 _aPróceres de la independencia --
_tPróceres de la restauración --
_tPróceres de la intervención militar extranjera 1916-1924 --
_tCaudillos de las guerras civiles --
_tDel civismo dominicano --
_tAnecdotario histórico --
_tPersonajes de la colonia --
_tPróceres de las letras --
_tFiguras universales --
_tRomances históricos --
_tRasgos Biográficos.
590 _aInventariado, 2019/ YL
650 4 _aBiografía
_xPoesía.
_zRepública Dominicana
_976832
942 _2ddc
_cLBS1
956 _aVMateo
999 _c32893
_d32893